000 00561nam a22001817a 4500
999 _c185378
_d185378
005 20220202124926.0
010 _aENG-131166
020 _a9789390869534
_c250.00
035 _aEN-114698
037 _bDBAD
082 _aS
100 _aVinayaa, Rohan
245 _aWhen Krishna Was Cursed/
_cRohan Vinayaa
260 _aMaharashtra
_bVihwakarma Publications
_c2021
270 _a34A/1, Suyog Center, 7th Floor, Gultekadi Marketyard Road, Giridhar Bhavan Chowk
_bPune
_e411037
_minfo@vpindia.co.in
300 _a184p.
_c20cm(pbk)
942 _2ddc
_cEN
_hS
_mVIN